Tawilul Qur`an. (Record no. 4338)

MARC details
000 -LEADER
fixed length control field 00390nam a2200157 a 4500
082 00 - DEWEY DECIMAL CLASSIFICATION NUMBER
Classification number 239
Author Cutter AKB
100 ## - MAIN ENTRY--AUTHOR NAME
Author name Akbar masih
245 ## - TITLE STATEMENT
Title Tawilul Qur`an.
260 ## - PUBLICATION, DISTRIBUTION, ETC. (IMPRINT)
Place of publication Lahore
Name of publisher Punjab Religious Booksociety
Year of publication 1921
300 ## - PHYSICAL DESCRIPTION
Number of Pages 157p
500 ## - GENERAL NOTE
General note includes index and biblioraphy
505 2# - FORMATTED CONTENTS NOTE
Formatted contents note Notes and foot notes
650 ## - SUBJECT ADDED ENTRY--TOPICAL TERM
Topical Term Quran - hermeneutics
942 ## - ADDED ENTRY ELEMENTS (KOHA)
Koha item type Books
700 1# -
-- Barkatullah, P
Holdings
Home library Current library Shelving location Date acquired Cost, normal purchase price Full call number Accession Number Koha item type
Henry Martyn Institute Library Henry Martyn Institute Library General stacks 04/15/2016 100.00 239 Akb 4820 Archive Book
Henry Martyn Institute Library Henry Martyn Institute Library   04/15/2016 100.00 239 BAR8 6113 Archive Book
Henry Martyn Institute Library Henry Martyn Institute Library   04/15/2016 100.00 239 BAR8 7376 Archive Book
Henry Martyn Institute Library Henry Martyn Institute Library   04/15/2016 100.00 239 BAR8 8404 Archive Book
Henry Martyn Institute Library Henry Martyn Institute Library   04/15/2016 100.00 239 BAR8 10871 Archive Book
                   Copyright © 2026 | Henry Martyn Institute | Hyderabad | TS-500052 | INDIA | Implemented by hmi.edu.in
Hit-Count:

Powered by Koha